| 000 -LEADER |
| fixed length control field |
00549nam a22001217a 4500 |
| 005 - DATE AND TIME OF LATEST TRANSACTION |
| control field |
20240315153520.0 |
| 008 - FIXED-LENGTH DATA ELEMENTS--GENERAL INFORMATION |
| fixed length control field |
240315s1991 ru ||||| |||| 00| 0 rus d |
| 041 ## - LANGUAGE CODE |
| Language code of text/sound track or separate title |
rus |
| 080 ## - UNIVERSAL DECIMAL CLASSIFICATION NUMBER |
| Universal Decimal Classification number |
902.2 П-15 |
| 245 ## - TITLE STATEMENT |
| Title |
Памятники железного века в окрестностях Евпатории / |
| Statement of responsibility, etc. |
Московский государственный университет им. М.В. Ломоносова. Исторический факультет |
| 264 ## - PRODUCTION, PUBLICATION, DISTRIBUTION, MANUFACTURE, AND COPYRIGHT NOTICE |
| Place of production, publication, distribution, manufacture |
Москва : |
| Name of producer, publisher, distributor, manufacturer |
Изд-во МГУ, |
| Date of production, publication, distribution, manufacture, or copyright notice |
1991. |
| 942 ## - ADDED ENTRY ELEMENTS (KOHA) |
| Source of classification or shelving scheme |
|
| Koha item type |
წიგნი |